[Event "Schachfestival 2014 - Senioren"]
[Site "Woerishofen Bad"]
[Date "2014.03.24"]
[Round "4.13"]
[White "Lange, Manfred"]
[Black "Koenigl, Anton"]
[Result "1-0"]
[WhiteElo "2089"]
[BlackElo "1917"]
[PlyCount "105"]
[EventDate "2014.03.21"]
[EventType "swiss"]
[EventCountry "GER"]
[WhiteTeam "SV Würzburg von 1865 e.V."]
[BlackTeam "FC Ergolding 1932 e.V."]
[WhiteTeamCountry "GER"]
[BlackTeamCountry "GER"]

1. e4 g6 2. d4 Bg7 3. f4 d6 4. Nf3 Nf6 5. Nc3 c6 6. Be2 O-O 7. O-O a6 8. a4 a5
9. Kh1 Qb6 10. Ra3 Rd8 11. Be3 Qc7 12. Qe1 Ng4 13. Bg1 Nd7 14. Qh4 Nf8 15. Bc4
h5 16. Ng5 e6 17. f5 d5 18. exd5 cxd5 19. Bd3 exf5 20. h3 Nh6 21. Nb5 Qe7 22.
Qg3 Bf6 23. Nf3 Bd7 24. Re1 Be6 25. Be3 Kh7 26. Bf4 Kg7 27. Bd6 Qd7 28. Ne5
Bxe5 29. Qxe5+ Kh7 30. Rc3 Rac8 31. Bc7 Re8 32. Nd6 Qe7 33. Nxc8 Rxc8 34. Bd6
Qd7 35. Rxc8 Qxc8 36. Bxf8 Qxf8 37. c3 Qd8 38. Rf1 Qb6 39. Bb5 Qd8 40. Qf4 Qe7
41. Re1 Ng8 42. Re5 Nh6 43. c4 dxc4 44. d5 Qd6 45. dxe6 fxe6 46. Qe3 Qd1+ 47.
Kh2 Qd6 48. Kg1 Qd1+ 49. Kf2 f4 50. Qxf4 Nf5 51. Rxe6 Qc2+ 52. Re2 Qb3 53. g4
1-0

[Event "Schachfestival 2014 - Senioren"]
[Site "Woerishofen Bad"]
[Date "2014.03.24"]
[Round "4.33"]
[White "Taufratshofer, Martin"]
[Black "Hein, Manfred"]
[Result "1/2-1/2"]
[WhiteElo "1990"]
[BlackElo "2064"]
[PlyCount "73"]
[EventDate "2014.03.21"]
[EventType "swiss"]
[EventCountry "GER"]
[WhiteTeam "SK Obergünzburg"]
[BlackTeam "FC Gunzenhausen 1910 e.V"]
[WhiteTeamCountry "GER"]
[BlackTeamCountry "GER"]

1. e4 c6 2. c4 d5 3. cxd5 cxd5 4. exd5 Qxd5 5. Nc3 Qe5+ 6. Be2 Bd7 7. Nf3 Qa5
8. O-O e6 9. d4 Nf6 10. Bd2 Be7 11. Ne5 Qb6 12. Nxd7 Nbxd7 13. Bf3 Qxd4 14. Nb5
Qb6 15. Qe2 a6 16. Na3 Rc8 17. Nc4 Qc7 18. Rac1 O-O 19. Na5 Qb6 20. Bxb7 Rxc1
21. Rxc1 Qxb2 22. Bxa6 Qxa2 23. Bc4 Qb2 24. Qe1 Qe5 25. Qd1 Ba3 26. Bc3 Qc7 27.
Rc2 Bc5 28. Qe2 Rb8 29. Nb3 Bd6 30. g3 Be7 31. Bxf6 Bxf6 32. Bxe6 Qb7 33. Bxd7
Qxd7 34. Qc4 g6 35. Nd2 Rd8 36. Ne4 Qd1+ 37. Kg2 1/2-1/2

[Event "Schachfestival 2014 - Senioren"]
[Site "Woerishofen Bad"]
[Date "2014.03.24"]
[Round "4.19"]
[White "Gulinelli, Euro"]
[Black "Plischke, Berthold"]
[Result "0-1"]
[WhiteElo "1579"]
[BlackElo "2028"]
[PlyCount "48"]
[EventDate "2014.03.21"]
[EventType "swiss"]
[EventCountry "GER"]
[WhiteTeam "Faenza"]
[BlackTeam "Schachverein Wesel 1928 e.V."]
[WhiteTeamCountry "ITA"]
[BlackTeamCountry "GER"]

1. e4 e6 2. d3 d5 3. Nd2 Nc6 4. Ngf3 e5 5. exd5 Qxd5 6. g3 f6 7. Bg2 Bg4 8. h3
Be6 9. O-O Qd7 10. Kh2 g5 11. h4 gxh4 12. Nxh4 Nh6 13. Ne4 Ng4+ 14. Kg1 O-O-O
15. Bh3 Be7 16. Bxg4 Bxg4 17. f3 Bh3 18. Ng2 Rdg8 19. Kh2 h5 20. Be3 Bxg2 21.
Kxg2 f5 22. Nc5 Bxc5 23. Bxc5 f4 24. Bf2 fxg3 0-1

[Event "Schachfestival 2014 - Senioren"]
[Site "Woerishofen Bad"]
[Date "2014.03.24"]
[Round "4.2"]
[White "Neese, Hans Joachim"]
[Black "Goy, Udo"]
[Result "1-0"]
[WhiteElo "2172"]
[BlackElo "2178"]
[PlyCount "93"]
[EventDate "2014.03.21"]
[EventType "swiss"]
[EventCountry "GER"]
[WhiteTeam "Schachverein Hennef 1927 e.V."]
[BlackTeam "Ford-Schachfreunde Köln e.V."]
[WhiteTeamCountry "GER"]
[BlackTeamCountry "GER"]

1. Nf3 Nf6 2. d4 e6 3. c4 Bb4+ 4. Nbd2 b6 5. a3 Bxd2+ 6. Qxd2 Bb7 7. b4 d6 8.
g3 Nbd7 9. Bb2 Ne4 10. Qc2 O-O 11. Bg2 f5 12. O-O Qe7 13. Rad1 a5 14. b5 Rae8
15. Ne1 Qf7 16. f3 Nef6 17. Nd3 g5 18. Bc1 h6 19. c5 dxc5 20. dxc5 Nxc5 21.
Nxc5 bxc5 22. Qxc5 Re7 23. Bb2 f4 24. Qe5 Qg6 25. Rd2 Nd5 26. Bh3 Kf7 27. Rc1
Rd8 28. Qe4 Rg8 29. Qxg6+ Kxg6 30. Be5 h5 31. Kf2 Kf7 32. Rd4 Ke8 33. gxf4 gxf4
34. Ra4 Rg5 35. Bd4 Bc8 36. Bc5 Reg7 37. Rxa5 Kf7 38. Ra8 Bd7 39. Rf8+ Kg6 40.
a4 Kh7 41. Rd8 Nf6 42. Bf8 Rf7 43. Rxc7 Rg8 44. Rdxd7 Nxd7 45. Bd6 Rfg7 46.
Bxe6 Rd8 47. Bxf4 1-0

[Event "Schachfestival 2014 - Senioren"]
[Site "Woerishofen Bad"]
[Date "2014.03.24"]
[Round "4.20"]
[White "Mentel, Juergen"]
[Black "Huhn, Ulrich"]
[Result "1-0"]
[WhiteElo "2014"]
[BlackElo "1908"]
[PlyCount "125"]
[EventDate "2014.03.21"]
[EventType "swiss"]
[EventCountry "GER"]
[WhiteTeam "Greifswalder SV"]
[BlackTeam "SF Siemensstadt"]
[WhiteTeamCountry "GER"]
[BlackTeamCountry "GER"]

1. e4 d5 2. exd5 Nf6 3. Bb5+ Bd7 4. Bc4 Bg4 5. f3 Bf5 6. g4 Bg6 7. Nc3 Nbd7 8.
f4 h6 9. d3 a6 10. g5 hxg5 11. fxg5 Nh5 12. Qf3 Ne5 13. Qg2 Nxc4 14. dxc4 Qd6
15. Nh3 Qe5+ 16. Kd1 e6 17. Qf2 Bb4 18. Bd2 O-O-O 19. Re1 Qd6 20. Nf4 Bc5 21.
Qf3 exd5 22. cxd5 Bd4 23. Nxg6 fxg6 24. Qg4+ Kb8 25. Qxd4 Qxh2 26. Ne2 Rhe8 27.
Qd3 Qd6 28. c4 c6 29. Rh1 Ka8 30. Nc3 cxd5 31. Nxd5 Qc6 32. b3 Re5 33. Rc1 Rf5
34. Re1 Nf4 35. Bxf4 Rxf4 36. Re5 Qc5 37. Kc2 Rd4 38. Qc3 Rg4 39. Rce1 Rg2+ 40.
R1e2 Rxe2+ 41. Rxe2 Qa3 42. Qb2 Qc5 43. Qe5 Qa3 44. Nc3 Qf8 45. Qe7 Qf5+ 46.
Kb2 Rd7 47. Qe8+ Ka7 48. Nd5 Rd6 49. Qe5 Qf8 50. Qe3+ Kb8 51. Qe8+ Rd8 52. Qxf8
Rxf8 53. Re6 Kc8 54. Rxg6 Rf7 55. Re6 Kd8 56. g6 Rf5 57. Kc3 a5 58. Rb6 Rf3+
59. Kd4 Kc8 60. Rb5 a4 61. bxa4 Ra3 62. Nc3 Kc7 63. Rf5 1-0

[Event "Schachfestival 2014 - Senioren"]
[Site "Woerishofen Bad"]
[Date "2014.03.24"]
[Round "4.47"]
[White "Mahrla, Hans"]
[Black "Girod, Gudrun"]
[Result "1-0"]
[WhiteElo "1842"]
[BlackElo "1565"]
[PlyCount "77"]
[EventDate "2014.03.21"]
[EventType "swiss"]
[EventCountry "GER"]
[WhiteTeam "SC Eichenau"]
[BlackTeam "Hannover 96"]
[WhiteTeamCountry "GER"]
[BlackTeamCountry "GER"]

1. e4 c6 2. d4 d5 3. e5 e6 4. f4 c5 5. c3 cxd4 6. cxd4 Bb4+ 7. Nc3 Nc6 8. Nf3
Nge7 9. a3 Bxc3+ 10. bxc3 Bd7 11. Bd2 Na5 12. Bd3 Rc8 13. O-O Nc4 14. Bc1 O-O
15. Qe2 b5 16. Nd2 Qa5 17. Nb1 Qd8 18. Nd2 Qa5 19. Nb1 Qd8 20. Kh1 Ng6 21. Rf3
Qh4 22. Rh3 Qe7 23. Qh5 h6 24. Rg3 Qh4 25. Bxg6 Qxh5 26. Bxh5 Kh7 27. Be2 f5
28. Nd2 a6 29. Nb3 Rc7 30. Nc5 a5 31. Bxc4 bxc4 32. a4 g6 33. Re3 h5 34. Re2
Kg7 35. Rb2 Rf7 36. Rab1 Re7 37. Rb7 Rxb7 38. Rxb7 Kf7 39. Rxd7 1-0

[Event "Schachfestival 2014 - Senioren"]
[Site "Woerishofen Bad"]
[Date "2014.03.24"]
[Round "4.8"]
[White "Maes, Valeer"]
[Black "Neumann, Erwin"]
[Result "1-0"]
[WhiteElo "2165"]
[BlackElo "1932"]
[PlyCount "91"]
[EventDate "2014.03.21"]
[EventType "swiss"]
[EventCountry "GER"]
[WhiteTeam "KSK 47 Eynatten"]
[BlackTeam "SK Schwäbisch Hall"]
[WhiteTeamCountry "BEL"]
[BlackTeamCountry "GER"]

1. d4 Nf6 2. Nf3 e6 3. Bg5 Be7 4. e3 b6 5. c4 Bb7 6. Nc3 O-O 7. Bd3 d5 8. cxd5
Nxd5 9. Bxe7 Qxe7 10. Nxd5 exd5 11. Rc1 c5 12. Qc2 c4 13. Bxh7+ Kh8 14. h4 Nd7
15. Bf5 Nf6 16. Ne5 b5 17. h5 Ne4 18. h6 g6 19. Bxg6 Qb4+ 20. Kd1 fxg6 21.
Nxg6+ Kg8 22. h7+ Kg7 23. Nxf8 Rxf8 24. f3 Bc8 25. g4 Kh8 26. Qh2 Rxf3 27. Qe5+
Rf6 28. Rc2 Bxg4+ 29. Kc1 Qd6 30. Rg2 Qxe5 31. dxe5 Rg6 32. Rhg1 Kxh7 33. Rxg4
Rxg4 34. Rxg4 Nf2 35. Rd4 Nd3+ 36. Kc2 Nb4+ 37. Kb1 Kg6 38. a3 Nc6 39. Rxd5 Kf5
40. Rxb5 Nxe5 41. Kc2 Ke4 42. Rc5 a6 43. Kc3 Nd3 44. Rxc4+ Kxe3 45. Rc6 a5 46.
Re6+ 1-0

[Event "Schachfestival 2014 - Senioren"]
[Site "Woerishofen Bad"]
[Date "2014.03.24"]
[Round "4.18"]
[White "Abegg, Beat"]
[Black "Eichler, Gottfried"]
[Result "1/2-1/2"]
[WhiteElo "1910"]
[BlackElo "2030"]
[PlyCount "68"]
[EventDate "2014.03.21"]
[EventType "swiss"]
[EventCountry "GER"]
[WhiteTeam "SK Altdorf"]
[BlackTeam "MTV Dannenberg"]
[WhiteTeamCountry "GER"]
[BlackTeamCountry "GER"]

1. d4 e6 2. Bf4 c5 3. e3 Nf6 4. c3 Nc6 5. Nf3 Nh5 6. Bg3 Nxg3 7. hxg3 d5 8. Bd3
h6 9. Nbd2 Bd7 10. Qe2 Be7 11. dxc5 Bxc5 12. Nb3 Bb6 13. O-O O-O 14. Nbd4 Qf6
15. Nxc6 bxc6 16. Nd2 e5 17. Bc2 Rae8 18. a4 Qd8 19. b4 f5 20. a5 Bc7 21. Nb3
Qg5 22. Nc5 Bc8 23. Qd2 f4 24. gxf4 exf4 25. e4 Rd8 26. exd5 Kh8 27. Bb3 cxd5
28. f3 Be5 29. Nd3 Bc7 30. Rad1 Rf6 31. Qf2 Rg6 32. Rd2 Ba6 33. Rfd1 Bb8 34.
Nc5 Bc8 1/2-1/2

[Event "Schachfestival 2014 - Senioren"]
[Site "Woerishofen Bad"]
[Date "2014.03.24"]
[Round "4.9"]
[White "Schmidt, Eugen"]
[Black "Ofstad, Per"]
[Result "0-1"]
[WhiteElo "1958"]
[BlackElo "2164"]
[PlyCount "42"]
[EventDate "2014.03.21"]
[EventType "swiss"]
[EventCountry "GER"]
[WhiteTeam "SF Oos e.V."]
[BlackTeam "Oslo Schakselskap"]
[WhiteTeamCountry "GER"]
[BlackTeamCountry "NOR"]

1. e4 e5 2. Nf3 Nc6 3. Bb5 a6 4. Ba4 Nf6 5. O-O Nxe4 6. d4 b5 7. Bb3 d5 8. dxe5
Be6 9. c3 Bc5 10. Nd4 Nxe5 11. Nxe6 fxe6 12. Nd2 Nxf2 13. Qe2 O-O 14. Nf3 Nxf3+
15. gxf3 Qf6 16. Rxf2 Qxf3 17. Qxf3 Rxf3 18. Bg5 Raf8 19. Bh4 Bxf2+ 20. Bxf2
Rxf2 21. Re1 R2f6 0-1

[Event "Schachfestival 2014 - Senioren"]
[Site "Woerishofen Bad"]
[Date "2014.03.24"]
[Round "4.7"]
[White "Jaeger, Erich"]
[Black "Lainburg, Viktor"]
[Result "1/2-1/2"]
[WhiteElo "1963"]
[BlackElo "2188"]
[PlyCount "59"]
[EventDate "2014.03.21"]
[EventType "swiss"]
[EventCountry "GER"]
[WhiteTeam "PTSV Neustadt"]
[BlackTeam "SC Weisse Dame Ulm e.V."]
[WhiteTeamCountry "GER"]
[BlackTeamCountry "GER"]

1. d4 d5 2. Bf4 Nf6 3. e3 e6 4. Nf3 Be7 5. Nbd2 O-O 6. Bd3 Nbd7 7. O-O c5 8. c3
b6 9. Re1 Bb7 10. Rc1 Ne4 11. Bb1 f5 12. Ne5 g5 13. Nxd7 Qxd7 14. Be5 Nxd2 15.
Qxd2 Bd6 16. Bxd6 Qxd6 17. e4 fxe4 18. Qxg5+ Kh8 19. Re3 Qf4 20. Qxf4 Rxf4 21.
f3 Raf8 22. fxe4 Ba6 23. Rf3 Rxf3 24. gxf3 Rxf3 25. exd5 exd5 26. Re1 cxd4 27.
Kg2 Re3 28. Rxe3 dxe3 29. Kf3 e2 30. Kf2 1/2-1/2

[Event "Schachfestival 2014 - Senioren"]
[Site "Woerishofen Bad"]
[Date "2014.03.24"]
[Round "4.26"]
[White "Braeu, Ludwig"]
[Black "Paulsen, Eckart"]
[Result "1/2-1/2"]
[WhiteElo "1958"]
[BlackElo "1856"]
[PlyCount "101"]
[EventDate "2014.03.21"]
[EventType "swiss"]
[EventCountry "GER"]
[WhiteTeam "SK Marktoberdorf"]
[BlackTeam "Post SV Neustadt"]
[WhiteTeamCountry "GER"]
[BlackTeamCountry "GER"]

1. c4 c5 2. g3 Nf6 3. Bg2 e6 4. Nf3 Nc6 5. O-O Be7 6. Nc3 O-O 7. d4 cxd4 8.
Nxd4 Qb6 9. Nc2 a6 10. e4 d6 11. Rb1 e5 12. Be3 Qd8 13. h3 Bd7 14. Qd2 Qc8 15.
Kh2 Be6 16. b3 Nd7 17. g4 Nc5 18. b4 Nd7 19. Nd5 Bxd5 20. cxd5 Na7 21. a4 b5
22. a5 Qb7 23. Rfc1 Rfc8 24. Na3 Rxc1 25. Rxc1 Rc8 26. Rxc8+ Nxc8 27. Qc3 Bd8
28. Bf1 Qc7 29. Nb1 Qxc3 30. Nxc3 Kf8 31. Kg3 g5 32. f3 h6 33. Bf2 Ke7 34. Nd1
Bc7 35. Ne3 Kf6 36. Nf5 Kg6 37. h4 Bd8 38. h5+ Kh7 39. Bd3 Bc7 40. Kg2 Bd8 41.
Kf1 Bc7 42. Ke2 Nf6 43. Kd1 Ne8 44. Kc2 Bb8 45. Kb3 Ba7 46. Bxa7 Nxa7 47. Ne7
Kg7 48. Kc3 Kh7 49. Bc2 Kg7 50. Bb3 Kh7 51. Bc2 1/2-1/2

[Event "Schachfestival 2014 - Senioren"]
[Site "Woerishofen Bad"]
[Date "2014.03.24"]
[Round "4.50"]
[White "Bretscher, Robert"]
[Black "Riegler, Markus"]
[Result "1-0"]
[WhiteElo "1631"]
[BlackElo "1817"]
[PlyCount "139"]
[EventDate "2014.03.21"]
[EventType "swiss"]
[EventCountry "GER"]
[WhiteTeam "Roche Basel"]
[BlackTeam "SK Mannheim-Lindenhof 1865"]
[WhiteTeamCountry "SUI"]
[BlackTeamCountry "GER"]

1. e4 d5 2. exd5 Nf6 3. Nf3 Nxd5 4. d4 Bg4 5. Be2 e6 6. O-O Be7 7. c3 Nd7 8.
Nbd2 O-O 9. Ne4 c6 10. h3 Bh5 11. Ng3 Bg6 12. Bd3 Qc7 13. Bxg6 hxg6 14. Ne4 Qd8
15. Bg5 N5f6 16. Nxf6+ gxf6 17. Bf4 Kg7 18. Re1 b5 19. Qd2 Rh8 20. Bg3 a5 21.
Qf4 Rh5 22. Qc7 Qxc7 23. Bxc7 Ra7 24. Bg3 Nb6 25. b3 Nd5 26. Rac1 Ra6 27. Rc2
b4 28. c4 Nc3 29. Bf4 a4 30. Bd2 axb3 31. axb3 Ra2 32. Rxa2 Nxa2 33. Ra1 Nc3
34. Bxc3 bxc3 35. Rc1 Bb4 36. Ne1 c5 37. dxc5 Ba3 38. Rxc3 Bb4 39. Rc1 Bxc5 40.
Nf3 Bb4 41. Ra1 Rc5 42. Ne1 Bc3 43. Nd3 Rc7 44. Rc1 Bd2 45. Rc2 Bg5 46. b4 e5
47. b5 e4 48. Nb4 f5 49. Nd5 Rb7 50. b6 e3 51. fxe3 Rxb6 52. Nxb6 Bxe3+ 53. Kf1
Bxb6 54. Ke2 Kf6 55. Kd3 Bc5 56. Ke2 Ke5 57. Rd2 Bd4 58. Kd3 Bc5 59. Ke2 Bd4
60. Kf3 g5 61. g3 g4+ 62. hxg4 fxg4+ 63. Kxg4 Bc3 64. Rd5+ Ke6 65. Kf4 f6 66.
g4 Ba1 67. Ke4 Bc3 68. c5 Ke7 69. Kd3 Bb2 70. Kc4 1-0

[Event "Schachfestival 2014 - Senioren"]
[Site "Woerishofen Bad"]
[Date "2014.03.24"]
[Round "4.21"]
[White "Harsch, Martin"]
[Black "Aigner, Georg"]
[Result "1-0"]
[WhiteElo "2013"]
[BlackElo "1894"]
[PlyCount "123"]
[EventDate "2014.03.21"]
[EventType "swiss"]
[EventCountry "GER"]
[WhiteTeam "Roche Basel"]
[BlackTeam "TSV Dietfurt/Altm. e.V."]
[WhiteTeamCountry "SUI"]
[BlackTeamCountry "AUT"]

1. e4 e5 2. Nf3 Nc6 3. Bb5 a6 4. Bxc6 dxc6 5. O-O Bg4 6. h3 h5 7. d3 Qf6 8.
Nbd2 Bc5 9. Nc4 Bxf3 10. Qxf3 Qxf3 11. gxf3 f6 12. f4 b5 13. Na5 Ne7 14. fxe5
fxe5 15. Bg5 Bb4 16. Bxe7 Bxa5 17. Bc5 Bd2 18. Rad1 Bf4 19. d4 O-O-O 20. dxe5
Bxe5 21. c3 Rxd1 22. Rxd1 Re8 23. f3 Re6 24. Kf2 Rg6 25. Rg1 Rxg1 26. Kxg1 Bf4
27. Kf2 Bc1 28. b3 Kd7 29. Be3 Bb2 30. c4 a5 31. a4 b4 32. f4 Ke6 33. Ke2 g6
34. Kd3 Bf6 35. Bd4 Bh4 36. Be5 Bd8 37. Kd4 Kd7 38. f5 gxf5 39. exf5 Be7 40.
Ke4 Bd6 41. Bf4 Be7 42. Kf3 Bd6 43. Bg5 Be5 44. Ke4 Bd6 45. Kd4 Bg3 46. Bf6 Bd6
47. Be5 Bf8 48. f6 Bd6 49. c5 Bf8 50. f7 Kc8 51. Ke4 Kd7 52. Kf5 Ke7 53. Kg6
Ke6 54. Bxc7 Bxc5 55. Bxa5 Bf8 56. Bb6 c5 57. a5 Kd5 58. a6 c4 59. a7 cxb3 60.
a8=Q+ Kc4 61. Qe4+ Kb5 62. Bd4 1-0

[Event "Schachfestival 2014 - Senioren"]
[Site "Woerishofen Bad"]
[Date "2014.03.24"]
[Round "4.32"]
[White "Kuenstler, Siegfried"]
[Black "Storkebaum, Karl Heinrich"]
[Result "0-1"]
[WhiteElo "1873"]
[BlackElo "1959"]
[PlyCount "52"]
[EventDate "2014.03.21"]
[EventType "swiss"]
[EventCountry "GER"]
[WhiteTeam "SF Ravensburg"]
[BlackTeam "SAbt TEC Darmstadt"]
[WhiteTeamCountry "GER"]
[BlackTeamCountry "GER"]

1. b3 d5 2. e3 e5 3. Bb2 Bd6 4. d4 e4 5. c4 c6 6. cxd5 cxd5 7. Bb5+ Bd7 8.
Bxd7+ Qxd7 9. Nc3 Nf6 10. f3 Bb4 11. a3 Bxc3+ 12. Bxc3 O-O 13. Nh3 exf3 14.
Qxf3 Qb5 15. Bb4 Re8 16. Qe2 Qxe2+ 17. Kxe2 Nc6 18. Bd2 Nxd4+ 19. Kd3 Nxb3 20.
Rab1 Nxd2 21. Kxd2 b6 22. Nf4 Ng4 23. Ne2 Nxe3 24. Ke1 Rac8 25. Rb5 Rc5 26.
Rxc5 bxc5 0-1

[Event "Schachfestival 2014 - Senioren"]
[Site "Woerishofen Bad"]
[Date "2014.03.24"]
[Round "4.11"]
[White "Mittermaier, Walter"]
[Black "Klein, Reinhard"]
[Result "1/2-1/2"]
[WhiteElo "2104"]
[BlackElo "1927"]
[PlyCount "72"]
[EventDate "2014.03.21"]
[EventType "swiss"]
[EventCountry "GER"]
[WhiteTeam "SAbt TSV Haunstetten"]
[BlackTeam "SC Roter Turm Altstadt"]
[WhiteTeamCountry "GER"]
[BlackTeamCountry "GER"]

1. d4 Nf6 2. Nf3 e6 3. c4 Bb4+ 4. Bd2 Qe7 5. a3 Bxd2+ 6. Qxd2 b6 7. e3 Bb7 8.
Be2 Ne4 9. Qc2 O-O 10. Nc3 f5 11. Rd1 d6 12. O-O Nd7 13. d5 Nxc3 14. Qxc3 e5
15. Nd2 Rf6 16. Rfe1 Raf8 17. f4 e4 18. Nb3 Rh6 19. g3 a5 20. Nd4 Qf6 21. Rc1
Rc8 22. b4 c5 23. dxc6 Bxc6 24. Nxc6 Rxc6 25. Qxf6 Rxf6 26. Red1 Kf7 27. c5
bxc5 28. Bb5 Rc7 29. Bxd7 axb4 30. Bb5 bxa3 31. Bc4+ Ke7 32. Rc3 Rf8 33. Rxa3
Rb8 34. Ra6 Rd7 35. Rd2 g6 36. h4 h5 1/2-1/2

[Event "Schachfestival 2014 - Senioren"]
[Site "Woerishofen Bad"]
[Date "2014.03.24"]
[Round "4.54"]
[White "Rothenhagen, Siegfried"]
[Black "Samarian, Cornel"]
[Result "1/2-1/2"]
[WhiteElo "1816"]
[BlackElo "1747"]
[PlyCount "58"]
[EventDate "2014.03.21"]
[EventType "swiss"]
[EventCountry "GER"]
[WhiteTeam "SC Ammersee"]
[BlackTeam "SC Pegasus Lohkirchen"]
[WhiteTeamCountry "GER"]
[BlackTeamCountry "ITA"]

1. d4 Nf6 2. Bf4 d5 3. Nf3 Bf5 4. h3 h6 5. e3 e6 6. c3 c6 7. Bd3 Bxd3 8. Qxd3
Bd6 9. Ne5 O-O 10. Nd2 Na6 11. O-O c5 12. Rfe1 Rc8 13. Rac1 c4 14. Qc2 b5 15.
e4 Nc7 16. Nc6 Qd7 17. Bxd6 Qxd6 18. Nxa7 Ra8 19. Nxb5 Nxb5 20. e5 Qe7 21. exf6
Qxf6 22. a4 Nd6 23. Ra1 Rfc8 24. Ra2 Nf5 25. Nf3 Ne7 26. Ne5 Ra7 27. Re3 Nc6
28. Nxc6 Rxc6 29. a5 Qd8 1/2-1/2

[Event "Schachfestival 2014 - Senioren"]
[Site "Woerishofen Bad"]
[Date "2014.03.24"]
[Round "4.14"]
[White "Kearsley, Raymond J"]
[Black "Schmidt, Wolfgang"]
[Result "1/2-1/2"]
[WhiteElo "1700"]
[BlackElo "2080"]
[PlyCount "24"]
[EventDate "2014.03.21"]
[EventType "swiss"]
[EventCountry "GER"]
[WhiteTeam "Wimbledon"]
[BlackTeam "SC Emmendingen 1937 e.V."]
[WhiteTeamCountry "ENG"]
[BlackTeamCountry "GER"]

1. e4 g6 2. Nf3 Bg7 3. d4 d6 4. Nc3 Nf6 5. Be3 O-O 6. Be2 Ng4 7. Bf4 Nc6 8. h3
e5 9. Bg5 f6 10. Bh4 Nh6 11. dxe5 dxe5 12. Qxd8 Nxd8 1/2-1/2

[Event "Schachfestival 2014 - Senioren"]
[Site "Woerishofen Bad"]
[Date "2014.03.24"]
[Round "4.23"]
[White "Oud, Niek"]
[Black "Hager, Eberhard"]
[Result "1/2-1/2"]
[WhiteElo "2000"]
[BlackElo "1882"]
[PlyCount "99"]
[EventDate "2014.03.21"]
[EventType "swiss"]
[EventCountry "GER"]
[WhiteTeam "VAS"]
[BlackTeam "SC Friedberg im Gehörl. Sportver"]
[WhiteTeamCountry "NED"]
[BlackTeamCountry "GER"]

1. d4 Nf6 2. c4 c5 3. d5 b5 4. cxb5 a6 5. b6 Qxb6 6. Nc3 e6 7. e4 exd5 8. exd5
Be7 9. Nf3 O-O 10. Bc4 d6 11. h3 Bd7 12. a4 Re8 13. O-O Bf5 14. a5 Qb7 15. Ra3
Bd8 16. Re1 Rxe1+ 17. Qxe1 Nbd7 18. Bf4 Qb4 19. Ra4 Qb8 20. g4 Bc2 21. b3 Bc7
22. Ra2 Bg6 23. Qe2 Qb4 24. Bd2 Qb7 25. Qf1 Ne4 26. Nxe4 Bxe4 27. Ng5 Bg6 28.
f4 h6 29. Nf3 Be4 30. Kf2 Bxd5 31. Qd3 Bxc4 32. bxc4 Nf6 33. Kg2 Re8 34. Bc1 d5
35. g5 dxc4 36. Qxc4 hxg5 37. fxg5 Nd7 38. Kf2 Ne5 39. Nxe5 Rxe5 40. g6 Rf5+
41. Kg1 Qc6 42. gxf7+ Rxf7 43. Rf2 Qg6+ 44. Kf1 Bxa5 45. h4 Qh5 46. Qe6 Qd1+
47. Kg2 Qd7 48. Qc4 Be1 49. Rf1 Qc6+ 50. Kh3 1/2-1/2

[Event "Schachfestival 2014 - Senioren"]
[Site "Woerishofen Bad"]
[Date "2014.03.24"]
[Round "4.57"]
[White "Thiel, Harry"]
[Black "Neiss, Albrecht"]
[Result "1-0"]
[WhiteElo "1752"]
[BlackElo "1633"]
[PlyCount "89"]
[EventDate "2014.03.21"]
[EventType "swiss"]
[EventCountry "GER"]
[WhiteTeam "Schachpinguine Berlin e.V."]
[BlackTeam "SC Kirchseeon e.V."]
[WhiteTeamCountry "GER"]
[BlackTeamCountry "GER"]

1. e4 c5 2. Nf3 Nc6 3. d4 cxd4 4. Nxd4 Nf6 5. Nc3 e5 6. Nxc6 bxc6 7. Bg5 Bb4 8.
Bd2 O-O 9. Bd3 d5 10. Qe2 d4 11. Nb1 Bxd2+ 12. Nxd2 Ng4 13. h3 Qh4 14. Nf3 Qh6
15. O-O Nf6 16. Nxe5 Nh5 17. Ng4 Bxg4 18. Qxg4 Nf4 19. b4 Rae8 20. Kh2 Re6 21.
g3 Nxd3 22. cxd3 Rg6 23. Qe2 Re8 24. f4 f5 25. e5 Rge6 26. Qb2 Rd8 27. Rf3 Qh5
28. Raf1 Rh6 29. h4 Qe8 30. Qg2 Re6 31. Qh3 g6 32. h5 Qe7 33. a3 Qg7 34. h6 Qb7
35. g4 Rf8 36. Rg3 Kh8 37. Rfg1 Qf7 38. g5 Qb7 39. Qg2 Kg8 40. Rc1 Rb8 41. Rc5
a6 42. Qc2 Rd8 43. Qc4 Rd5 44. Rg2 Rxc5 45. Qxe6+ 1-0

[Event "Schachfestival 2014 - Senioren"]
[Site "Woerishofen Bad"]
[Date "2014.03.24"]
[Round "4.36"]
[White "Reichwald, Klaus"]
[Black "Wagner, Gerhard"]
[Result "1-0"]
[WhiteElo "1894"]
[BlackElo "1795"]
[PlyCount "105"]
[EventDate "2014.03.21"]
[EventType "swiss"]
[EventCountry "GER"]
[WhiteTeam "SC Lohhof 1950 e.V."]
[BlackTeam "Sportfr.Windach e.V.1923"]
[WhiteTeamCountry "GER"]
[BlackTeamCountry "GER"]

1. e4 e6 2. d3 d5 3. Nc3 d4 4. Nce2 e5 5. f4 f6 6. Nf3 Bd6 7. fxe5 fxe5 8. Ng3
Nf6 9. Be2 Nc6 10. O-O Qe7 11. Ng5 Bd7 12. a3 O-O-O 13. Nf3 g6 14. b4 Nb8 15.
Bd2 h6 16. Qc1 Qh7 17. a4 g5 18. Qb2 g4 19. Nh4 Be7 20. Nhf5 Bxf5 21. Nxf5 h5
22. c4 h4 23. c5 Rdg8 24. Rac1 Nh5 25. Qb3 Kd7 26. Qd5+ Kc8 27. Qe6+ Kd8 28.
Qd5+ Kc8 29. Qxe5 Nc6 30. Qe6+ Kb8 31. Nxe7 Nxe7 32. Rf7 Rg7 33. Rxg7 Qxg7 34.
Bxg4 Nf6 35. h3 Nxg4 36. Qxg4 Qxg4 37. hxg4 h3 38. Rf1 b6 39. Rf7 hxg2 40. Kxg2
Nc6 41. Bf4 Rc8 42. cxb6 axb6 43. b5 Nb4 44. g5 Nxd3 45. g6 Nxf4+ 46. Rxf4 Rg8
47. Rg4 Rg7 48. Kf3 Kc8 49. Kf4 Kd7 50. Kf5 c5 51. bxc6+ Kxc6 52. Kf6 Rd7 53.
g7 1-0

[Event "Schachfestival 2014 - Senioren"]
[Site "Woerishofen Bad"]
[Date "2014.03.24"]
[Round "4.28"]
[White "Reimann, Guenther"]
[Black "Dallmeier, Gerhard"]
[Result "1-0"]
[WhiteElo "1929"]
[BlackElo "1852"]
[PlyCount "89"]
[EventDate "2014.03.21"]
[EventType "swiss"]
[EventCountry "GER"]
[WhiteTeam "SC Magstadt"]
[BlackTeam "SK Roland Weissenfels"]
[WhiteTeamCountry "GER"]
[BlackTeamCountry "GER"]

1. c4 Nf6 2. Nf3 g6 3. g3 Bg7 4. Bg2 d6 5. d4 O-O 6. O-O Nbd7 7. Nc3 e5 8. Bg5
h6 9. Bxf6 Bxf6 10. Nd5 Bg7 11. e3 c6 12. Nc3 Re8 13. Qc2 Nf6 14. dxe5 dxe5 15.
Rad1 Qe7 16. Rd2 Bg4 17. e4 Bd7 18. Rfd1 Rad8 19. h3 h5 20. a3 Bc8 21. Rxd8
Rxd8 22. Rxd8+ Qxd8 23. Nxe5 Nxe4 24. Qxe4 Bf5 25. Qe1 Qe8 26. Nf3 Qd7 27. Qd2
Qe7 28. Qe3 Be6 29. Nd4 Qc5 30. Nxe6 Qxe3 31. fxe3 fxe6 32. Na4 Be5 33. Kf2 Kf7
34. g4 hxg4 35. hxg4 Kf6 36. b3 Bd6 37. b4 g5 38. Nc5 Bxc5 39. bxc5 Ke5 40. Ke2
a6 41. Kd3 Kf6 42. Ke4 e5 43. Kd3 a5 44. Be4 Ke6 45. Bf5+ 1-0